| 000 | 00852cam a2200313 i 4500 | ||
|---|---|---|---|
| 001 | 21687 | ||
| 003 | BD-RjUL | ||
| 005 | 20211209000721.0 | ||
| 008 | 140305s1972 xx 000 0 eng | ||
| 035 | _a(BD-RJUL)21752 | ||
| 035 | _a(OCoLC)ocm01504380 | ||
| 035 | _a(CStRLIN)NYCG82-B3739 | ||
| 035 | _a(BD-RjUL) | ||
| 035 | _a(NNC)94947 | ||
| 040 |
_dNNC _aBD-RjUL _beng _cBD-RjUL |
||
| 041 | _aeng | ||
| 082 |
_a891.4427 _bCHT 1972 |
||
| 090 |
_aPK1718.C596 _bT5 |
||
| 100 | 1 |
_aCaudhurU, Munier _d1925-1971. _966978 |
|
| 245 | 1 | 0 |
_aThree plays / _cMunier Chowdhury ; translated by Kabir Chowdhury. |
| 250 | _a1st ed. | ||
| 260 |
_aDacca : _bBengali Academy, _c1972. |
||
| 300 |
_a76 p. ; _c22 cm. |
||
| 505 | 0 | _aMan.--The spoilt kid.--Kabar. | |
| 942 |
_2ddc _cBK |
||
| 999 |
_c21687 _d21687 |
||